Wheel of Time characters with U, Y and Z initials - Statistics

General Stats
  • This quiz has been taken 48 times
  • The average score is 6 of 14
Answer Stats
Hint Answer % Correct
ZB The wife of Perrin Aybara Zarine Bashere
100%
UN A Shienaran soldier part of the expedition to retrieve the Horn of Valere Uno Nomesta
95%
YS A False Dragon during the Trolloc Wars Yurian Stonebow
95%
YH An Aes Sedai and Sitter of the Gray Ajah Yukiri Haruna
71%
ZA A Sea Folk Aes Sedai of the Brown Ajah Zemaille Amassa
67%
ZD An Aes Sedai of the White Ajah and spy in the White Tower Zerah Dacan
67%
ZG An Aes Sedai of the Yellow Ajah in Salidar Zenare Ghodar
48%
ZE A Seanchan Darkfriend ordered by Suroth to find and kill Tuon Zaired Elbar
24%
YM Bayle Domon’s first mate on the Spray Yarin Maeldan
14%
YC An ancient scholar and Aes Sedai of the Brown Ajah Yasicca Cellaech
14%
ZT An Amyrlin Seat raised from the Brown Ajah Zeranda Tyrim
14%
UG A Sea Folk who devised the Farede Calendar Uren din Jubai Soaring Gull
10%
YT One of the founders of Tear Yseidre Tirado
10%
YA A Saldaean in Elayne’s bodyguard Yurith Azeri
10%
No matching quizzes found
Score Distribution
Percent of People with Each Score
Percentile by Number Answered
Your Score History
You have not taken this quiz